000 00591 a2200181 4500
001 134053
020 _a85-02-00406-9
040 _cLeonardo Da Vinci
041 _aPortuguês
082 _a342 M429m
_bM429m
100 _aMAZZALLI, Hugo Nigro
245 _aO Ministério Público na Constituição de 1988
260 _bSaraiva
_c1989
_aSão Paulo
300 _a192
362 _a19890000
697 _aDireito
_aDireito constitucional
_aConstituição (1988)
_aMinistério Público
_aDireito processual
_aAssistência judiciária
_aDefensor
_aBrasil
_aLei
_aLegislação
_aFIPEN
942 _cBK
999 _c134053
_d134053